| 000 | 01045cam a2200301 i 4500 | ||
|---|---|---|---|
| 001 | 50149 | ||
| 003 | Mx-PuUPA | ||
| 005 | 20220906124731.0 | ||
| 008 | 140415s2004 mx d gr 000 0 spa d | ||
| 020 | _a9789682460784 | ||
| 020 | _a9682460786 | ||
| 040 |
_aMx-PuUPA _bspa _cMx-PuUPA _dMx-PuUPA _erda |
||
| 041 | 0 | _aspa | |
| 100 | 1 |
_aValenzuela González, Jaime Ricardo, _eautor _913223 |
|
| 245 | 1 | 0 |
_aEvaluación de instituciones educativas / _cJaime Ricardo Valenzuela González |
| 250 | _aPrimera edición | ||
| 264 | 1 |
_aMéxico, D.F. : _bEditorial Trillas, _c©2004 |
|
| 300 |
_a270 páginas : _bgráficas, diagramas, tablas ; _c24 cm |
||
| 336 |
_2rdacontent _atexto _btxt |
||
| 337 |
_2rdamedia _asin medio _bn |
||
| 338 |
_2rdacarrier _avolumen _bnc |
||
| 545 | _aReimpresiones : (2006), (septiembre, 2013). | ||
| 650 | 7 |
_aEscuelas _xDirección y organización _2armarc |
|
| 650 | 7 |
_aEvaluación educativa _zMéxico _2armarc |
|
| 942 |
_2ddc _cLI _h379.34 _iV135 |
||
| 999 |
_c50149 _d50149 |
||